00521 2200205 4500001002100000008004100021035002000062082000800082084001400090100002000104245007800124250000600202260003400208300001100242650001400253990001200267990001200279990001200291990001200303INLIS000000000000417 ind  a0010-0424000393 a330 a330 AGU m aFeryanto, Agung aMateri Ekonomi Volume 3; Spesialisasi dan Pembagian KerjacAgung Feryanto a1 aKlaten :bCempaka Putihc2013 a60 hlm aNon Fiksi a0722472 a0722473 a0722474 a0722475